Píseň o Slovensku /

Hlavní autor: Koyš, Pavel, 1932-1993
Další autoři: Binek, Jiří, 1923-1988
Jazyk: Čeština
Vydáno: Praha : Mladá fronta, 1982
Vydání: 2. vyd., 1. české vyd.
Fyzický popis: 1 sv. (na volných listech) : il. ; 23 cm
Knihy
Uloženo v:
LEADER 01004nam a22002892a 4500
001 001120385
003 CZ BrMZK
005 20110503134424.0
007 ta
008 101007s1982 xr a er|||||||||||cze d
015 |a cnb000136400 
035 |a (OCoLC)85283674 
040 |a ABA001  |b cze  |c ABA001  |d ABA001  |d BOA001 
041 1 |a cze  |h slo 
080 9 |a 885.4-13 
100 1 |a Koyš, Pavel,  |d 1932-1993  |7 jn20000728322  |4 aut 
245 1 0 |a Píseň o Slovensku /  |c Pavel Koyš ; ze slovenského originálu ... přeložil Jiří Binek ; ilustroval Ivan Schurman a Július Szabó 
250 |a 2. vyd., 1. české vyd. 
260 |a Praha :  |b Mladá fronta,  |c 1982 
300 |a 1 sv. (na volných listech) :  |b il. ;  |c 23 cm 
500 |a 1000 výt. 
700 1 |a Binek, Jiří,  |d 1923-1988  |7 jk01012131  |4 trl 
765 0 |t Pieseň o Slovensku  |9 Česky 
910 |a BOA001  |b 2-0846.918 
990 |a BK 
991 |b 201010 
996 6 |b 2619361420  |c 2-0846.918  |l MZK  |r Sklad / do 1 hodiny  |n 0  |w 001148363  |u 000010  |a 1  |e BOA001  |j MZK50  |s P